[Event "SLO-ch U10 Girls"]
[Site "Murska Sobota"]
[Date "2007.02.27"]
[Round "4"]
[White "Dobrovoljc, Andreja"]
[Black "Vas, Danijela"]
[Result "1-0"]
[WhiteElo "1500"]
[BlackElo "1500"]
[PlyCount "44"]
[EventDate "2007.02.25"]
[EventType "swiss"]
[EventRounds "9"]
[EventCountry "SLO"]
[SourceTitle "CBM 117 Extra"]
[Source "ChessBase"]
[SourceDate "2007.05.09"]
[SourceVersion "1"]
[SourceVersionDate "2007.05.09"]
[SourceQuality "1"]

1. e4 e5 2. Nf3 Nc6 3. Nc3 Bb4 4. Bc4 Nf6 5. d3 Bc5 6. h3 0-0 7. 0-0 d6 8. Bg5 Bd4 9. Nd5 Be6 10. Nxf6+ gxf6 11. Bh6 Re8 12. Bb3 f5 13. exf5 Bxf5 14. Nxd4 Nxd4 15. Bd5 Rb8 16. c3 Ne6 17. Qf3 Ng5 18. Qxf5 c6 19. Bxg5 Qc7 20. Bb3 Rf8 21. Qf6 d5 22. Bh6 e4 1-0

[Event "SLO-ch U10 Girls"]
[Site "Murska Sobota"]
[Date "2007.02.27"]
[Round "5"]
[White "Vas, Danijela"]
[Black "Doberdrug, Barbara"]
[Result "1-0"]
[WhiteElo "1500"]
[BlackElo "1500"]
[PlyCount "123"]
[EventDate "2007.02.25"]
[EventType "swiss"]
[EventRounds "9"]
[EventCountry "SLO"]
[SourceTitle "CBM 117 Extra"]
[Source "ChessBase"]
[SourceDate "2007.05.09"]
[SourceVersion "1"]
[SourceVersionDate "2007.05.09"]
[SourceQuality "1"]

1. e4 e5 2. Nf3 Nc6 3. Nc3 Nf6 4. Be2 Bc5 5. 0-0 0-0 6. d3 d6 7. h3 h6 8. Na4 Bb4 9. c3 Bc5 10. d4 Bb6 11. dxe5 dxe5 12. Qxd8 Rxd8 13. Bb5 Nxe4 14. Bxc6 bxc6 15. Nxb6 cxb6 16. Nxe5 Rd6 17. Bf4 Rf6 18. Nd3 Ba6 19. c4 Bxc4 20. Rfd1 Rd8 21. Be5 Re6 22. b3 Bxd3 23. Re1 Nc5 24. Bc7 Rd7 25. Rxe6 Nxe6 26. Bg3 Ng5 27. Rc1 Bb5 28. a4 Be2 29. Rxc6 Rd1+ 30. Kh2 Rf1 31. Rc8+ Kh7 32. Bh4 Ne4 33. Rc2 Bd3 34. Rc7 Kg6 35. Rxa7 Nxf2 36. Bxf2 Rxf2 37. Re7 Bf1 38. Kg1 Rf5 39. Re1 Bd3 40. Re3 Kg5 41. Rxd3 Kh4 42. Rd4+ Kg5 43. g4 Rc5 44. Rb4 Rc1+ 45. Kg2 Rc2+ 46. Kg3 Rc3+ 47. Kh2 Kh4 48. Rxb6 Rg3 49. Rb7 Rxh3+ 50. Kg2 Kxg4 51. Rxf7 g5 52. Rb7 Rf3 53. Rb4+ Rf4 54. Rxf4+ gxf4 55. Kf2 f3 56. a5 h5 57. a6 h4 58. a7 h3 59. a8Q h2 60. Qa1 Kh3 61. Qf1+ Kh4 62. b4 1-0

[Event "SLO-ch U10 Girls"]
[Site "Murska Sobota"]
[Date "2007.02.25"]
[Round "1"]
[White "Vas, Danijela"]
[Black "Hrovat, Katja"]
[Result "1-0"]
[WhiteElo "1500"]
[BlackElo "1500"]
[PlyCount "59"]
[EventDate "2007.02.25"]
[EventType "swiss"]
[EventRounds "9"]
[EventCountry "SLO"]
[SourceTitle "CBM 117 Extra"]
[Source "ChessBase"]
[SourceDate "2007.05.09"]
[SourceVersion "1"]
[SourceVersionDate "2007.05.09"]
[SourceQuality "1"]

1. e4 e5 2. Nf3 Nc6 3. c3 Nf6 4. Bc4 Bc5 5. 0-0 Ng4 6. d4 exd4 7. cxd4 Bxd4 8. Nxd4 Nxd4 9. Qxd4 Qh4 10. h3 h5 11. Qxg7 Rh6 12. Bxh6 Nxh6 13. Qxh6 f6 14. Qh8+ Ke7 15. e5 d6 16. exd6+ cxd6 17. Be2 b6 18. Qxh5 Qb4 19. Qh7+ Ke6 20. Bg4+ Ke5 21. Bxc8 Rxc8 22. f4+ Kd5 23. Nc3+ Kc5 24. Qxa7 Qd4+ 25. Rf2 Kb4 26. Qa4+ Kc5 27. Qxd4+ Kxd4 28. Nb5+ Kd5 29. Nc3+ Kd4 30. Ne2+ 1-0